000 01356cam a2200193 4500
001 ##L133171
008 060419n2006 000 0 eng u
035 _a(Sirsi) u133171
041 0 _aeng
110 1 _aUnited Kingdom
_bOffice of the Deputy Prime Minister
245 0 0 _aDesign coding in practice
_ban evaluation
260 _c2006
490 0 _a(ODPM Urban Research Summary
_v22, 30 March 2006)
520 _aThe ODPM has released the findings of an action research programme testing the practical use of design codes in England through a series of live case studies. The research concludes that as a robust form of design guidance, design codes can play a major role in delivering better quality development. They also have a significant role to play in delivering more certainty in the design and development process, providing a focus around which teams of professional stakeholders can integrate their activities. Codes have the greatest benefit on large sites built over a long period of time, sites in multiple ownership, or sites that are likely to be developed by different developers or design teams.
590 _aIKA250406
690 _aPROPERTY-PROPERTY DEVELOPMENT-SUSTAINABLE PROPERTY DEVELOPMENT
856 4 1 _uhttps://www.communities.gov.uk/index.asp?id=1164868
_zView the item free of charge at www.dclg.gov.uk/...
942 _n0
999 _c105344
_d105344